000 00914nam a2200265Ia 4500
003 OSt
005 20220925233340.0
006 a|||||r|||| 00| 0
007 ta
008 220923b |||||||| |||| 00| 0 eng d
020 _a9789332703711
_c1196
037 _b110920, 24/08/2017, International Book Distrobutors
_cGeneral Book
040 _aRTL
_cRTL
_beng
041 _2eng
_aeng
082 _aY31:7:7:(Z2.P05), Q7
100 _aKUMARAN K P
_9298727
245 0 _aFlagship programmes
_b Impact, problems and challenges ahead
260 _a New Delhi
_bAcademic Foundation
_c2017
300 _a766p
_ccm.
500 _aBibliography: p 189-216
700 _a NATH P K
_9298728
700 _a PRABHAKAR K
_9221318
942 _hY31:7:7:(Z2.P05), Q7
_cGB
_2CC
999 _c593506
_d593506